000 01117nam a2200265Ia 4500
999 _c64396
_d64396
005 20240530110729.0
008 140319s2008 ua a g b 000 0 ara d
017 _a2008/1606
_bمصر. دار الكتب
020 _a9774273451
040 _aGCL /
_cGCL
082 0 4 _a025.04/
_bر ك
_221
100 0 _aرامى محمد عبود داوود
245 1 2 _aالكتب الالكترونية :
_bالنشاة والتطور الخصائص والامكانات الاستخدام والافادة /
_cرامى محمد عبود داوود
250 _aط.1
260 _aالقاهرة :
_bالدار المصرية اللبنانية ،
_c2008.
300 _a420 ص :
_bايض ؛
_c24 سم +
_eملاحق.
490 0 _aعلم المكتبات والمعلومات المعاصر.
504 _aيشتمل على ارجاعات ببليوجرافية
650 0 7 _aقواعد البيانات
_2qrmak
650 0 7 _aشبكات المكتبات والمعلومات
_2qrmak
650 0 7 _2qrmak
_aالمكتبات، علم
651 _2qrmak
653 0 _aالكتب الالكترونية
942 _2ddc
_cBK